00279nam a2200109Ia 4500008004100000041000800041082001700049100001600066245003500082260003300117300001900150241028s9999 xx 000 0 und d aeng a658.4012 GRA aGrant, Jose aContemporary Strategy Analysis bWiley IndiaaNew Delhic2023 a582;. P. 28 cm